| 000 | 00691nam a2200205 i 4500 | ||
|---|---|---|---|
| 001 | 171243 | ||
| 003 | ES-MaACL | ||
| 005 | 20250808062757.0 | ||
| 008 | 090506s1963 sp |||| | spa d | ||
| 017 | _aM 13173-1963 | ||
| 100 | 1 |
_aVizmanos, Francisco de Borja. _9115623 |
|
| 245 | 1 | 0 |
_aTeología fundamental para seglares / _cpor Francisco de B. Vizmanos, Ignacio Riudor. |
| 260 |
_aMadrid : _bLa Editorial Católica, _c1963. |
||
| 300 |
_aXII, 960 p. ; _c20 cm. |
||
| 490 | 1 |
_aBiblioteca de autores cristianos ; _v229 |
|
| 700 | 0 |
_aRiudor, Ignacio. _997510 |
|
| 830 | 0 | 0 |
_aBiblioteca de autores cristianos _v229 _9178679 |
| 852 |
_aES-MaACL _jJ-224 _9R.46092 |
||
| 999 |
_c171243 _d171243 |
||